000 00342nam a2200145Ia 4500
005 20251222143113.0
008 251222s9999||||xx |||||||||||||| ||spa||
020 _a97899872453960
082 _a778.53/B35
100 _aBedoya, Ricardo
245 0 _aEl PerĂº Imaginado
250 _a1ra.ed.
264 _bUniversidad de Lima
942 _cLIB
999 _c11240
_d11240